| 000 | 00530 a2200169 4500 | ||
|---|---|---|---|
| 001 | ART_12918 | ||
| 005 | 20260410161909.0 | ||
| 008 | 260409a | ||
| 245 | 1 | 0 | _aAnalisis de costo-volumen-utilidad bajo condiciones de incertidumbre |
| 100 | 1 | _aMallo, Paulino E. | |
| 700 | 1 | _aArtola, María A. | |
| 700 | 1 | _aGalante, Marcelo J. | |
| 700 | 1 | _aPascual, Mariano E. | |
| 700 | 1 | _aMorettini, Mariano | |
| 700 | 1 | _aBusetto, Adrián R. | |
| 773 | 0 |
_tCostos y gestión _g- Año 15, Nº 58 (dic. 2005) _wREV12786 |
|
| 999 |
_c26675 _d26675 |
||